| 000 | 01481cam a2200337 a 4500 | ||
|---|---|---|---|
| 999 |
_c27178 _d27178 |
||
| 001 | 4923404 | ||
| 003 | OSt | ||
| 005 | 20170207150640.0 | ||
| 008 | 950103s1995 vaua bc 001 0 eng | ||
| 010 | _a 95003052 | ||
| 020 | _a0883971151 | ||
| 040 |
_aDLC _cDLC _dDLC |
||
| 043 | _ae-dk--- | ||
| 050 | 0 | 0 |
_aNC273 _b.N67 1995 |
| 082 | 0 | 0 |
_a741.9/489/0903407473 _220 |
| 100 | 2 | _aNørregård-Nielsen, Hans Edvard. | |
| 245 | 1 | 4 |
_aThe golden age of Danish art : _bdrawings from the Royal Museum of Fine Arts, Copenhagen / _cHans Edvard Nørregård-Nielsen. |
| 260 |
_aAlexandria, VA : _bArt Services International, _c1995. |
||
| 300 |
_a255 p. : _bcol. ill. ; _c33 cm. |
||
| 500 | _aPublished as a companion to the exhibition of the same name, which is organized and circulated by Art Services International. | ||
| 504 | _aIncludes bibliographical references (p. 252-253) and index. | ||
| 610 | 2 | 0 |
_aStatens museum for kunst (Denmark) _vCatalogs. |
| 650 | 0 |
_aDrawing, Danish _y19th century _vCatalogs. |
|
| 650 | 0 |
_aDrawing _zDenmark _zCopenhagen _vCatalogs. |
|
| 651 | 0 |
_aDenmark _xIn art _vCatalogs. |
|
| 710 | 2 | _aArt Services International. | |
| 906 |
_a7 _bcbc _corignew _d1 _eocip _f19 _gy-gencatlg |
||
| 942 |
_2lcc _cBOOKS _hNC 273 .N67 1995 |
||